Normal view
MARC view
Entry Personal Name
001 - CONTROL NUMBER
- control field: 23585
003 - CONTROL NUMBER IDENTIFIER
- control field: dpl
005 - DATE AND TIME OF LATEST TRANSACTION
- control field: 20101016140902.0
008 - FIXED-LENGTH DATA ELEMENTS
- fixed length control field: 101016|||a|||||| | ||| d
040 ## - CATALOGING SOURCE
- Original cataloging agency: dpl
- Transcribing agency: dpl
100 ## - HEADING--PERSONAL NAME
- Personal name: द्विवेदी, रामशंकर
670 ## - SOURCE DATA FOUND
- Source citation: Work cat.: (dpl)36020: महाश्वेता देवी 23583, झाँसी की रानी /, 2010
670 ## - SOURCE DATA FOUND
- Source citation: Work cat.: (dpl)36020: महाश्वेता देवी 23583, झाँसी की रानी /, 2010
